000 00425pab a2200169 454500
008 180718b1981 xxu||||| |||| 00| 0 eng d
100 _aGovindappa, N.
245 _aBasic issues for effective legislation for planning and development
260 _c1981
300 _ap.35-44.
362 _aJan-Mar
650 _aUrban development
650 _aUrban planning
773 _aNagarlok
908 _aN
909 _a101919
999 _c101917
_d101917